000 00605cam a22002053a 4500
001 43598
003 PGUSA
005 20140828084006.0
008 130829s2013||||xxu|||||s|||||000 | eng d
040 _aPGUSA
_beng
042 _adc
100 1 _aAngell, Norman,
_d1874-1967
245 1 4 _aThe Fruits of Victory :
_bA Sequel to The Great Illusion
_h[electronic resource] /
_cNorman Angell
260 _bProject Gutenberg,
_c2013
506 _aPublic domain in the USA.
516 _aElectronic text
830 0 _aProject Gutenberg
_v43598
856 4 0 _uhttp://www.gutenberg.org/ebooks/43598
942 _cEB
999 _c272849
_d272849